Fortnite - Statistics

General Stats
  • This quiz has been taken 1,015 times
  • The average score is 6 of 12
Answer Stats
Hint Answer % Correct
Gun Scar
83%
Gun Pump shotgun
75%
Gun Pistol
72%
Gun Tactical Shotgun
71%
Gun Assault rifle
65%
Gun Bolt action sniper
64%
Gun Grenade launcher
55%
Gun Semi auto sniper
54%
Gun RPG
53%
Gun Sub machine gun
47%
Gun Assault rifle burst
5%
Gun Sub machine gun suppressed
2%
No matching quizzes found
Score Distribution
Percent of People with Each Score
Percentile by Number Answered
Your Score History
You have not taken this quiz